[Event "II Weekend Basso Veronese A"]
[Site "Casaleone ITA"]
[Date "2009.11.14"]
[Round "4"]
[White "Scotti, Mirko"]
[Black "Ricci, Alfredo"]
[Result "0-1"]
[WhiteElo "2068"]
[BlackElo "1958"]
[PlyCount "108"]
[EventDate "2009.11.07"]

1. b4 Nf6 2. Bb2 g6 3. c4 Bg7 4. d4 O-O 5. Nf3 d5 6. e3 Bg4 7. Nc3 c6 8. Be2
Nbd7 9. O-O e6 10. Qb3 Ne4 11. Rfd1 f5 12. Rac1 f4 13. cxd5 Nxc3 14. Rxc3 exd5
15. e4 Nb6 16. a4 Kh8 17. e5 Be6 18. Nd2 a5 19. b5 cxb5 20. Bxb5 g5 21. Ba3 g4
22. Bxf8 Bxf8 23. Qc2 Bb4 24. Rb3 Rc8 25. Qb1 Qf8 26. Nf1 Nc4 27. Qa1 h5 28.
Rbb1 h4 29. Bxc4 dxc4 30. d5 Bf5 31. Rbc1 c3 32. d6 Qg7 33. Re1 Qd7 34. Qa2 h3
35. Qd5 hxg2 36. Kxg2 Be6 37. Qd4 Rc4 38. Qd3 Qf7 39. Red1 Rc8 40. Kg1 Kg7 41.
Re1 Kh6 42. Re4 Kg5 43. Rd4 Bd7 44. Rd5 Qe6 45. Rd4 Qf5 46. Qe2 Re8 47. Re1 Re6
48. Rc4 Bxa4 49. Rc7 Bxd6 50. Rg7+ Kh5 51. h3 Kh6 52. hxg4 Qxe5 53. Qxe5 Rxe5
54. Rxe5 Bxe5 0-1

[Event "II Weekend Basso Veronese A"]
[Site "Casaleone ITA"]
[Date "2009.11.14"]
[Round "5"]
[White "Bertani, Gianfranco"]
[Black "Isatto, Davide"]
[Result "1/2-1/2"]
[WhiteElo "2077"]
[BlackElo "1947"]
[PlyCount "211"]
[EventDate "2009.11.07"]

1. Nf3 Nf6 2. b3 g6 3. Bb2 Bg7 4. d4 O-O 5. Nbd2 d5 6. e3 Bf5 7. Be2 Nbd7 8.
O-O c6 9. Nh4 Be6 10. f4 Ne4 11. Nxe4 dxe4 12. f5 gxf5 13. Nxf5 Bxf5 14. Rxf5
e6 15. Rf1 Qg5 16. Bc1 f5 17. Bc4 Rf6 18. a4 Rh6 19. Qe2 Re8 20. Ra2 Nf6 21.
Rf4 Ng4 22. h3 Nf6 23. Qf2 Kh8 24. h4 Qg6 25. Ba3 Nh5 26. Bd6 Rd8 27. Be7 Rd7
28. Bg5 Nxf4 29. Qxf4 e5 30. dxe5 Rd2 31. e6 Bf6 32. Qb8+ Rd8 33. Qf4 Bxg5 34.
hxg5 Rh5 35. Qe5+ Qg7 36. Qf6 Re8 37. Qxf5 Rxg5 38. Qxe4 Re5 39. Qd4 Qg3 40.
Ra1 Qxe3+ 41. Qxe3 Rxe3 42. Rd1 b5 43. axb5 cxb5 44. Bxb5 R8xe6 45. Rd8+ Kg7
46. Bc4 Re7 47. Rd6 Rg3 48. Kf2 Rg6 49. Rd8 Kf6 50. Bd3 Rgg7 51. Rd6+ Re6 52.
Rd5 Re5 53. Rd8 Ree7 54. Rd4 Ke5 55. Rh4 Ref7+ 56. Kg1 Kf6 57. Rh5 Ke7 58. Re5+
Kd6 59. Rh5 Kc7 60. Kh2 Rf2 61. Be4 Rff7 62. Kh3 Re7 63. Bf3 Kd6 64. Kh2 Re5
65. Rh6+ Kc5 66. c3 Re3 67. b4+ Kc4 68. Rc6+ Kb3 69. Bd5+ Ka3 70. Ra6+ Kb2 71.
c4 Kc3 72. b5 Kb4 73. b6 axb6 74. Rxb6+ Kc5 75. Rc6+ Kd4 76. Rc8 Rd7 77. Rf8
Rc3 78. g3 Rg7 79. Rf4+ Kc5 80. g4 Re7 81. Rf2 Ree3 82. Rg2 Rh3+ 83. Kg1 Rhg3
84. Kh2 Rh3+ 85. Kg1 Rc1+ 86. Kf2 Rb3 87. g5 Rc2+ 88. Kg1 Rxg2+ 89. Kxg2 Re3
90. Bg8 Re7 91. Kf3 Rg7 92. Bxh7 Rxh7 93. Kf4 Rh1 94. Kf5 Kxc4 95. g6 Kd5 96.
g7 Rg1 97. Kf6 Kd6 98. Kf7 Rf1+ 99. Ke8 Re1+ 100. Kf8 Rf1+ 101. Ke8 Rg1 102.
Kf8 Rf1+ 103. Ke8 Re1+ 104. Kf8 Rg1 105. g8=Q Rxg8+ 106. Kxg8 1/2-1/2

[Event "II Weekend Basso Veronese A"]
[Site "Casaleone ITA"]
[Date "2009.11.14"]
[Round "5"]
[White "Caldonazzo, Matteo"]
[Black "Marino, Francesco V."]
[Result "1/2-1/2"]
[WhiteElo "1828"]
[BlackElo "1887"]
[PlyCount "30"]
[EventDate "2009.11.07"]

1. Nf3 c5 2. e3 Nf6 3. d4 e6 4. Bd3 cxd4 5. exd4 b6 6. Qe2 Nc6 7. a3 Bb7 8. b3
d5 9. Bb2 Bd6 10. Nbd2 Qc7 11. Ne5 Bxe5 12. dxe5 Nd7 13. f4 Nc5 14. Bb5 a6 15.
Bxc6+ Bxc6 1/2-1/2

[Event "II Weekend Basso Veronese A"]
[Site "Casaleone ITA"]
[Date "2009.11.14"]
[Round "5"]
[White "Faccia, Sergio"]
[Black "Scotti, Mirko"]
[Result "1-0"]
[WhiteElo "2054"]
[BlackElo "2068"]
[PlyCount "127"]
[EventDate "2009.11.07"]

1. e4 e6 2. c4 d5 3. cxd5 exd5 4. e5 c5 5. d4 Nc6 6. Nf3 cxd4 7. Bd3 Nge7 8.
Bg5 Qa5+ 9. Bd2 Qb6 10. Na3 a6 11. Nc2 g6 12. O-O Bg7 13. Bg5 O-O 14. Rb1 Re8
15. Re1 Bf5 16. Bxe7 Bxd3 17. Qxd3 Rxe7 18. Ncxd4 Nxd4 19. Nxd4 Rxe5 20. Rxe5
Bxe5 21. Nf3 Qd6 22. b3 Rd8 23. Rd1 Bf6 24. h4 h5 25. g3 Qa3 26. Rd2 Qc1+ 27.
Kg2 Qc3 28. Ne1 Qxd3 29. Rxd3 Kf8 30. Kf3 Ke7 31. Ng2 Kd6 32. Ne3 Ke6 33. Ng2
Be5 34. Ne3 Rd7 35. Ke2 Bc7 36. Kf3 f6 37. g4 hxg4+ 38. Kxg4 Bd8 39. Ng2 f5+
40. Kf3 Bc7 41. Ne3 Be5 42. Ke2 Rd6 43. Kf3 Bf6 44. Ng2 Ke5 45. Ke2 d4 46. Ne1
Ke4 47. Rh3 Bd8 48. Nd3 Rc6 49. f3+ Kd5 50. Nb4+ Ke5 51. Nxc6+ bxc6 52. h5 gxh5
53. Rxh5 Be7 54. Rh6 Kd5 55. Kd3 a5 56. Rh7 Bd6 57. Rf7 Ke6 58. Ra7 Bb4 59.
Kxd4 c5+ 60. Kc4 Ke5 61. Rd7 Kf4 62. Rd3 Kg3 63. Kd5 Kf2 64. f4 1-0

[Event "II Weekend Basso Veronese A"]
[Site "Casaleone ITA"]
[Date "2009.11.14"]
[Round "5"]
[White "Ricci, Alfredo"]
[Black "Guerra, Alessandro"]
[Result "0-1"]
[WhiteElo "1958"]
[BlackElo "2229"]
[PlyCount "110"]
[EventDate "2009.11.07"]

1. d4 Nf6 2. Nf3 e6 3. e3 d5 4. Bd3 Bd6 5. b3 O-O 6. Nbd2 b6 7. Bb2 Bb7 8. O-O
c5 9. Ne5 Nc6 10. g3 Qc7 11. f4 cxd4 12. exd4 Ne7 13. Qe2 Rac8 14. Rac1 Nc6 15.
g4 Qe7 16. g5 Ne8 17. Qh5 g6 18. Qh6 f6 19. gxf6 Nxf6 20. Ndf3 Nh5 21. Nxc6
Bxc6 22. Ne5 Qg7 23. Qg5 Qf6 24. Ng4 Qxg5 25. fxg5 Rf4 26. Be2 Rcf8 27. Ne5
Bxe5 28. dxe5 R8f5 29. Rxf4 Nxf4 30. Bd3 Rxg5+ 31. Kf1 Rh5 32. Kg1 Nh3+ 33. Kg2
Rh4 34. Bf1 g5 35. Kg3 Nf4 36. h3 Nh5+ 37. Kf2 Rf4+ 38. Ke1 Ng3 39. Bg2 Nf5 40.
Ke2 Bb5+ 41. Ke1 Ne3 42. Bh1 Rh4 43. Kf2 Rxh3 44. Bf3 Nf5 45. Bg4 Rh4 46. Rg1
h5 47. Bf3 g4 48. Bc1 g3+ 49. Ke1 Rh2 50. Rg2 Rh1+ 51. Kd2 Bf1 52. Rxg3+ Nxg3
53. Bxh1 Nxh1 54. Ke1 Ba6 55. Bf4 Kh7 0-1

[Event "II Weekend Basso Veronese A"]
[Site "Casaleone ITA"]
[Date "2009.11.15"]
[Round "6"]
[White "Faccia, Sergio"]
[Black "Caldonazzo, Matteo"]
[Result "0-1"]
[WhiteElo "2054"]
[BlackElo "1828"]
[PlyCount "58"]
[EventDate "2009.11.07"]

1. e4 e6 2. c4 d5 3. cxd5 exd5 4. e5 c5 5. Nf3 Nc6 6. Bb5 Bd7 7. Qe2 Nge7 8.
Nc3 Nd4 9. Nxd4 cxd4 10. Bxd7+ Qxd7 11. Nb5 Nc6 12. Nd6+ Bxd6 13. exd6+ Qe6 14.
Qxe6+ fxe6 15. b3 Kd7 16. Ba3 e5 17. O-O Rhf8 18. Rac1 Rac8 19. Rc5 b6 20. Rxd5
a6 21. f4 Ke6 22. d7 Kxd5 23. dxc8=Q Rxc8 24. fxe5 Nxe5 25. Rc1 Rxc1+ 26. Bxc1
b5 27. Kf1 Nd3 28. Bb2 Nxb2 29. Ke2 Ke4 0-1

[Event "II Weekend Basso Veronese A"]
[Site "Casaleone ITA"]
[Date "2009.11.15"]
[Round "6"]
[White "Isatto, Davide"]
[Black "Ricci, Alfredo"]
[Result "0-1"]
[WhiteElo "1947"]
[BlackElo "1958"]
[PlyCount "60"]
[EventDate "2009.11.07"]

1. d4 c5 2. d5 Nf6 3. c4 g6 4. Nc3 Bg7 5. Nf3 O-O 6. Bf4 d6 7. Qd2 a6 8. a4
Nbd7 9. Bh6 Qc7 10. Bxg7 Kxg7 11. g3 Ne5 12. Nxe5 dxe5 13. Bg2 Ne8 14. h4 h6
15. h5 g5 16. Ne4 f5 17. Nxg5 Nd6 18. Rc1 Rf6 19. Nf3 Nf7 20. Nh4 f4 21. gxf4
Rxf4 22. Rc3 Bd7 23. Qd3 Qd6 24. Be4 Qf6 25. Rg1+ Ng5 26. Nf3 Rf8 27. e3 Rg4
28. Rxg4 Bxg4 29. Qc2 Nxe4 30. Qxe4 Bxf3 0-1

[Event "II Weekend Basso Veronese A"]
[Site "Casaleone ITA"]
[Date "2009.11.15"]
[Round "6"]
[White "Marino, Francesco V."]
[Black "Bertani, Gianfranco"]
[Result "0-1"]
[WhiteElo "1887"]
[BlackElo "2077"]
[PlyCount "72"]
[EventDate "2009.11.07"]

1. c4 f5 2. Nf3 Nf6 3. g3 e6 4. Bg2 d5 5. O-O c6 6. d4 Bd6 7. b3 Qe7 8. Bf4
Bxf4 9. gxf4 O-O 10. e3 Bd7 11. Nbd2 Be8 12. Qc2 Ne4 13. Ne5 Nd7 14. Nxe4 fxe4
15. f3 Nxe5 16. dxe5 exf3 17. Rxf3 Bg6 18. Qe2 Bh5 19. Qd3 Bxf3 20. Bxf3 Qc5
21. Kh1 dxc4 22. bxc4 Rad8 23. Qe2 b5 24. cxb5 cxb5 25. Rg1 Kh8 26. Be4 g6 27.
Qf3 Qe7 28. Qh3 Kg7 29. Qh5 Kh8 30. Bxg6 Rg8 31. Bc2 Rxg1+ 32. Kxg1 Rg8+ 33.
Kf2 Qg7 34. Qh3 Qg1+ 35. Ke2 Rg2+ 36. Kd3 Qf1+ 0-1

[Event "II Weekend Basso Veronese A"]
[Site "Casaleone ITA"]
[Date "2009.11.15"]
[Round "6"]
[White "Scotti, Mirko"]
[Black "Guerra, Alessandro"]
[Result "0-1"]
[WhiteElo "2068"]
[BlackElo "2229"]
[PlyCount "80"]
[EventDate "2009.11.07"]

1. b3 e5 2. Bb2 Nc6 3. e3 d5 4. Nf3 Bd6 5. Be2 Nf6 6. O-O O-O 7. d4 Re8 8. c4
exd4 9. Nxd4 Nxd4 10. Bxd4 dxc4 11. Bxc4 c5 12. Bb2 Ng4 13. g3 Nxh2 14. Bxf7+
Kxf7 15. Qh5+ Kg8 16. Qxh2 Bg4 17. Qg2 Qd7 18. Qd5+ Be6 19. Qd3 Qc6 20. Rd1
Rad8 21. Nc3 c4 22. bxc4 Bxc4 23. Qf5 Be6 24. Qb5 Qc8 25. Ne4 Bf8 26. Rdc1 Qd7
27. Qg5 Kh8 28. Nc5 Qd5 29. Nxe6 Qxe6 30. Rc7 Rd7 31. Rac1 h6 32. Qb5 Rd2 33.
Qxb7 Qf5 34. Rf1 Qg4 35. Bd4 Rxa2 36. Rc6 Qh5 37. Rxh6+ Qxh6 38. Qf7 Qe6 39.
Qh5+ Kg8 40. Kg2 Qe4+ 0-1

[Event "II Weekend Basso Veronese A"]
[Site "Casaleone ITA"]
[Date "2009.11.15"]
[Round "7"]
[White "Bertani, Gianfranco"]
[Black "Faccia, Sergio"]
[Result "1-0"]
[WhiteElo "2077"]
[BlackElo "2054"]
[PlyCount "105"]
[EventDate "2009.11.07"]

1. Nf3 Nf6 2. d3 d5 3. g3 c5 4. Bg2 Nc6 5. Nbd2 e5 6. e4 dxe4 7. dxe4 Bg4 8.
O-O Be7 9. c3 O-O 10. Qc2 b5 11. Rd1 Qc7 12. Nf1 Rad8 13. Bg5 Rxd1 14. Rxd1 Rd8
15. Bxf6 Bxf6 16. Ne3 Bh5 17. Nd5 Qa5 18. a3 Qa4 19. Nxf6+ gxf6 20. Rxd8+ Nxd8
21. Qxa4 bxa4 22. h3 Nb7 23. g4 Bg6 24. Nd2 h5 25. f3 hxg4 26. hxg4 Kg7 27. Nc4
Kh6 28. Kf2 Kg5 29. Kg3 Nd8 30. Nd6 Nc6 31. Bf1 Bh7 32. Nb7 f5 33. gxf5 f6 34.
Bc4 Kh6 35. Nxc5 Na5 36. Bd5 Kg7 37. Nxa4 Bg8 38. Bxg8 Kxg8 39. Nc5 Nc4 40. Nd3
a5 41. b4 a4 42. Nc5 Nb6 43. f4 exf4+ 44. Kxf4 Kf7 45. Ke3 Ke7 46. Kd4 Kd6 47.
c4 Kc6 48. Nd3 Nc8 49. e5 fxe5+ 50. Nxe5+ Kd6 51. f6 Ke6 52. f7 Ke7 53. Kc5 1-0

[Event "II Weekend Basso Veronese A"]
[Site "Casaleone ITA"]
[Date "2009.11.15"]
[Round "7"]
[White "Caldonazzo, Matteo"]
[Black "Scotti, Mirko"]
[Result "1/2-1/2"]
[WhiteElo "1828"]
[BlackElo "2068"]
[PlyCount "29"]
[EventDate "2009.11.07"]

1. Nf3 d5 2. d4 Nf6 3. e3 e6 4. Bd3 c5 5. b3 Nc6 6. Bb2 Be7 7. a3 O-O 8. Nbd2
a6 9. O-O b5 10. dxc5 Bxc5 11. e4 Bb7 12. Ng5 dxe4 13. Ndxe4 Nxe4 14. Nxe4 Bd4
15. Bxd4 1/2-1/2

[Event "II Weekend Basso Veronese A"]
[Site "Casaleone ITA"]
[Date "2009.11.15"]
[Round "7"]
[White "Guerra, Alessandro"]
[Black "Isatto, Davide"]
[Result "1/2-1/2"]
[WhiteElo "2229"]
[BlackElo "1947"]
[PlyCount "132"]
[EventDate "2009.11.07"]

1. e4 Nf6 2. e5 Nd5 3. Nc3 Nxc3 4. dxc3 Nc6 5. Nf3 d6 6. exd6 exd6 7. Be3 Be7
8. Qd3 O-O 9. O-O-O Bf6 10. Be2 Re8 11. h4 Ne5 12. Nxe5 Bxe5 13. f4 Bf6 14. Bf3
c6 15. g4 Qa5 16. a3 Be6 17. Bf2 Qa4 18. Bg3 Qc4 19. g5 Bd8 20. Qxc4 Bxc4 21.
Rxd6 Re3 22. Re1 Bb6 23. Rxe3 Bxe3+ 24. Kb1 Be6 25. Be4 g6 26. Rd3 Bb6 27. Rd1
Re8 28. Re1 Rd8 29. Bd3 Kf8 30. h5 Kg8 31. hxg6 hxg6 32. Bxg6 fxg6 33. Rxe6 Kf7
34. Rf6+ Kg7 35. f5 gxf5 36. Rxf5 Rd7 37. Rf3 Kg6 38. Rd3 Rxd3 39. cxd3 Kxg5
40. Kc2 Kf5 41. Kb3 Ke6 42. Kc4 Be3 43. a4 Kd7 44. Be5 a6 45. a5 Bg5 46. b4 Be7
47. Bd4 Bg5 48. Kc5 Be7+ 49. Kc4 Bg5 50. Kb3 Ke6 51. c4 Bh4 52. Ka4 Kd7 53. b5
axb5+ 54. cxb5 cxb5+ 55. Kxb5 Be1 56. Bc5 Kc7 57. Bb4 Bf2 58. Bc5 Be1 59. d4
Bg3 60. d5 Kd7 61. Bb4 Bh4 62. Kb6 Bd8+ 63. Kc5 Bf6 64. d6 Bg5 65. Kd5 Bf4 66.
Bc5 Bg3 1/2-1/2

[Event "II Weekend Basso Veronese A"]
[Site "Casaleone ITA"]
[Date "2009.11.15"]
[Round "7"]
[White "Ricci, Alfredo"]
[Black "Marino, Francesco V."]
[Result "1-0"]
[WhiteElo "1958"]
[BlackElo "1887"]
[PlyCount "77"]
[EventDate "2009.11.07"]

1. d4 Nf6 2. Nf3 e6 3. e3 c5 4. Bd3 cxd4 5. exd4 b6 6. O-O Nc6 7. a3 d5 8. Nbd2
Bd6 9. Qe2 Qc7 10. Re1 O-O 11. b3 Bb7 12. Bb2 Rfe8 13. Ne5 g6 14. Qe3 Nh5 15.
Ndf3 Nxe5 16. dxe5 Bf8 17. Nd4 a6 18. g4 Ng7 19. f4 Qe7 20. Nf3 Qc7 21. Bd4 b5
22. c3 Rac8 23. b4 Qd7 24. Nd2 Qd8 25. Qg3 h5 26. h3 Be7 27. Nf3 Rc4 28. Ra2
Kh7 29. Rg2 Rg8 30. gxh5 Nxh5 31. Qg4 Kh6 32. h4 Rc6 33. f5 exf5 34. Bxf5 Rh8
35. Be3+ Kg7 36. e6 Nf6 37. Bd4 Rc4 38. exf7 Kxf7 39. Ne5+ 1-0

[Event "II Weekend Basso Veronese B"]
[Site "Casaleone ITA"]
[Date "2009.11.07"]
[Round "1"]
[White "Adami, Antonio"]
[Black "Guaragno, Michele"]
[Result "0-1"]
[WhiteElo "1646"]
[BlackElo "1891"]
[PlyCount "74"]
[EventDate "2009.11.07"]

1. e4 c5 2. Nf3 d6 3. d4 cxd4 4. Nxd4 Nf6 5. Nc3 a6 6. a4 e5 7. Nb3 Be6 8. Be3
Be7 9. Be2 O-O 10. O-O Nc6 11. f3 d5 12. exd5 Bxd5 13. Nxd5 Nxd5 14. Qd2 Nxe3
15. Qxe3 Qc7 16. Kh1 Nb4 17. Qe4 Rac8 18. c3 f5 19. Qb1 Nd5 20. Bd3 g6 21. Re1
Bf6 22. Nd2 Nf4 23. Nf1 Rcd8 24. Qa2+ Kg7 25. Bc4 Qc5 26. b3 Rd7 27. Rad1 Rfd8
28. Rxd7+ Rxd7 29. Qc2 b5 30. axb5 axb5 31. g3 bxc4 32. gxf4 cxb3 33. Qxb3 exf4
34. Re8 Qf2 35. Qg8+ Kh6 36. Qc4 Rd1 37. Qxf4+ Bg5 0-1

[Event "II Weekend Basso Veronese B"]
[Site "Casaleone ITA"]
[Date "2009.11.07"]
[Round "1"]
[White "Aprile, Massimo"]
[Black "Solinas, Roberto"]
[Result "0-1"]
[WhiteElo "1461"]
[BlackElo "1770"]
[PlyCount "42"]
[EventDate "2009.11.07"]

1. d4 e5 2. dxe5 Nc6 3. Nf3 Qe7 4. Bg5 Qb4+ 5. Qd2 Qxb2 6. c3 Qxa1 7. Qc2 Ba3
8. e3 Qb2 9. Qe4 Qc1+ 10. Ke2 Qb2+ 11. Ke1 Nge7 12. Bd3 Qc1+ 13. Ke2 Qxh1 14.
Bf6 Qxg2 15. Nxa3 a6 16. Nc4 gxf6 17. exf6 d5 18. Qf4 dxc4 19. Bxc4 Qg4 20.
Bxf7+ Kxf7 21. fxe7+ Qxf4 0-1

[Event "II Weekend Basso Veronese B"]
[Site "Casaleone ITA"]
[Date "2009.11.07"]
[Round "1"]
[White "Cavalleri, Giuseppe"]
[Black "De Paoli, Emilio"]
[Result "1/2-1/2"]
[WhiteElo "1685"]
[BlackElo "1919"]
[PlyCount "86"]
[EventDate "2009.11.07"]

1. d4 Nf6 2. c4 g6 3. Nc3 d5 4. Nf3 Bg7 5. Bf4 Na6 6. e3 O-O 7. h3 b6 8. Be2
Bf5 9. O-O c5 10. cxd5 cxd4 11. exd4 Nb4 12. d6 exd6 13. a3 Nbd5 14. Bh2 Nxc3
15. bxc3 Rc8 16. Rc1 Bh6 17. Qa4 Bxc1 18. Rxc1 Ne4 19. c4 Qd7 20. Qb4 b5 21. g4
Be6 22. Qb1 f5 23. d5 fxg4 24. dxe6 Qxe6 25. Nd4 Qf6 26. Qxe4 Qxf2+ 27. Kh1 g3
28. Bg1 Qf6 29. Nxb5 Rce8 30. Qd5+ Rf7 31. Nxd6 g2+ 32. Kxg2 Rxe2+ 33. Kh1 Qf3+
34. Qxf3 Rxf3 35. Bxa7 Rxa3 36. Nb5 Rxh3+ 37. Kg1 h5 38. c5 Reh2 39. Rc3 Rxc3
40. Kxh2 Rb3 41. Nd4 Rc3 42. c6 Kf7 43. Bb8 Ke7 1/2-1/2

[Event "II Weekend Basso Veronese B"]
[Site "Casaleone ITA"]
[Date "2009.11.07"]
[Round "1"]
[White "Dall'Ora, Gianfranco"]
[Black "You Yi-Ning, Francesca"]
[Result "1-0"]
[WhiteElo "1715"]
[BlackElo "1443"]
[PlyCount "59"]
[EventDate "2009.11.07"]

1. e4 e5 2. Nf3 Nc6 3. Bc4 Bc5 4. c3 Nf6 5. d3 d5 6. exd5 Nxd5 7. O-O Bg4 8.
Nbd2 O-O 9. Ne4 Bb6 10. Bb3 Nf6 11. Ng3 Nh5 12. Ne4 Kh8 13. h3 Bxf3 14. Qxf3 g6
15. Bh6 Ng7 16. Rad1 Qh4 17. Bg5 Qh5 18. g4 Qxg5 19. Nxg5 f5 20. Qd5 h6 21.
Nf7+ Kh7 22. Kh1 fxg4 23. hxg4 Rae8 24. Rde1 Ne7 25. Qxe5 Nc6 26. Qh2 Rxf7 27.
Bxf7 Rf8 28. Bd5 Nd8 29. Re7 c6 30. Qe5 1-0

[Event "II Weekend Basso Veronese B"]
[Site "Casaleone ITA"]
[Date "2009.11.07"]
[Round "1"]
[White "De Biaggi, Paolo"]
[Black "Bellini, Luca"]
[Result "1-0"]
[WhiteElo "1878"]
[BlackElo "1615"]
[PlyCount "65"]
[EventDate "2009.11.07"]

1. e4 e5 2. Nf3 Nc6 3. d4 exd4 4. Nxd4 Bc5 5. Nxc6 Qf6 6. Qd2 Qxc6 7. Bd3 Ne7
8. O-O d6 9. Qg5 Ng6 10. b4 Bd4 11. Bb5 Bxa1 12. Bxc6+ bxc6 13. c3 Be6 14. Qd2
a5 15. f4 Bc4 16. Rf2 axb4 17. cxb4 O-O 18. a3 Bf6 19. Bb2 Be7 20. Qd4 Bf6 21.
Qxc4 Bxb2 22. Rxb2 Nxf4 23. Qxc6 Ne6 24. a4 Rfb8 25. Nc3 Rc8 26. Nd5 Kf8 27.
Qd7 Re8 28. a5 Rab8 29. b5 Rbd8 30. Qc6 Rc8 31. b6 Nd8 32. Qd7 Ne6 33. bxc7 1-0

[Event "II Weekend Basso Veronese B"]
[Site "Casaleone ITA"]
[Date "2009.11.07"]
[Round "1"]
[White "De Togni, Paolo"]
[Black "Moscato, Riccardo"]
[Result "0-1"]
[WhiteElo "1335"]
[BlackElo "1711"]
[PlyCount "88"]
[EventDate "2009.11.07"]

1. Nf3 e6 2. d4 Nf6 3. e3 Be7 4. Bd3 O-O 5. O-O c5 6. b3 d5 7. Bb2 Nbd7 8. Nbd2
a6 9. Ne5 Ne8 10. Ndf3 cxd4 11. exd4 f6 12. Ng4 Nb6 13. a4 e5 14. Bxh7+ Kxh7
15. Ne3 e4 16. Nh4 g6 17. f4 f5 18. g3 Be6 19. Nhg2 Nf6 20. a5 Nc8 21. Qe2 Nd6
22. h4 Rh8 23. Kf2 Kg8 24. Rh1 Kf7 25. Ba3 Nb5 26. Bxe7 Qxe7 27. Rhc1 Nxd4 28.
Qf1 Nc6 29. c4 dxc4 30. Nxc4 Ng4+ 31. Ke1 Bxc4 32. Rxc4 Rhd8 33. Rac1 Rd5 34.
Rxc6 bxc6 35. Qc4 Rad8 36. Ke2 Qe6 37. Rc2 Rd3 38. Qxe6+ Kxe6 39. Rxc6+ Kf7 40.
Rc7+ Kg8 41. Rc6 Rd2+ 42. Kf1 Rd1+ 43. Ne1 Nh2+ 44. Ke2 R8d2+ 0-1

[Event "II Weekend Basso Veronese B"]
[Site "Casaleone ITA"]
[Date "2009.11.07"]
[Round "1"]
[White "Jimchi, Abdelaziz"]
[Black "Gioga, Michele"]
[Result "1-0"]
[WhiteElo "1918"]
[BlackElo "1680"]
[PlyCount "49"]
[EventDate "2009.11.07"]

1. d4 d5 2. c4 Nf6 3. Nc3 e6 4. Bg5 c6 5. cxd5 exd5 6. e3 Be7 7. Qc2 h6 8. Bh4
Nbd7 9. Bd3 Nh5 10. Bxe7 Qxe7 11. Nf3 Nf4 12. O-O Nxd3 13. Qxd3 O-O 14. Na4 Re8
15. Rac1 Qf6 16. b4 Kh8 17. b5 g5 18. bxc6 bxc6 19. Qc3 Bb7 20. Nc5 Nxc5 21.
Qxc5 Qe7 22. Ne5 Qxc5 23. Rxc5 Rac8 24. Nxf7+ Kh7 25. Nd6 1-0

[Event "II Weekend Basso Veronese B"]
[Site "Casaleone ITA"]
[Date "2009.11.07"]
[Round "1"]
[White "Negro, Raffaele"]
[Black "Adami, Alessandro"]
[Result "1-0"]
[WhiteElo "1844"]
[BlackElo "1521"]
[PlyCount "73"]
[EventDate "2009.11.07"]

1. d4 Nf6 2. Bg5 e6 3. e4 Be7 4. e5 Nd5 5. Bxe7 Qxe7 6. Nf3 Qb4+ 7. Nbd2 Qxb2
8. Rb1 Qa3 9. Rb3 Qe7 10. c4 Nf4 11. g3 Ng6 12. Bd3 O-O 13. h4 f5 14. Ng5 h6
15. Nh3 Nc6 16. Nf3 Kf7 17. h5 Nh8 18. Nf4 b6 19. d5 Na5 20. Rb2 Bb7 21. O-O g5
22. hxg6+ Nxg6 23. Nxg6 Kxg6 24. Nh4+ Kh7 25. Rd2 Rad8 26. Re1 Ba8 27. Qh5 Qe8
28. Qg4 Nb7 29. Nxf5 exf5 30. Bxf5+ Rxf5 31. Qxf5+ Qg6 32. Qxg6+ Kxg6 33. e6
dxe6 34. Rxe6+ Kg5 35. Rde2 Nc5 36. R2e5+ Kg4 37. Rg6+ 1-0

[Event "II Weekend Basso Veronese B"]
[Site "Casaleone ITA"]
[Date "2009.11.07"]
[Round "1"]
[White "Oppici, Gabriele"]
[Black "Aprile, Martino"]
[Result "1-0"]
[WhiteElo "1997"]
[BlackElo "1695"]
[PlyCount "45"]
[EventDate "2009.11.07"]

1. Nc3 e5 2. Nf3 Nc6 3. d4 exd4 4. Nxd4 Bc5 5. Nf5 Qf6 6. e4 d6 7. Ne3 Nge7 8.
Be2 Bd4 9. Bd2 Be6 10. O-O Qg6 11. Bh5 Qf6 12. Ncd5 Qe5 13. Nxc7+ Kd7 14. Nxa8
Qxe4 15. Bf3 Qg6 16. c3 Be5 17. Ng4 Nf5 18. Nxe5+ Nxe5 19. Bxb7 Rb8 20. Qa4+
Ke7 21. Be4 Rxa8 22. Bxa8 Nh4 23. Qxh4+ 1-0

[Event "II Weekend Basso Veronese B"]
[Site "Casaleone ITA"]
[Date "2009.11.07"]
[Round "1"]
[White "Pasqualetto, Lorenzo"]
[Black "Turazza, Andrea"]
[Result "0-1"]
[WhiteElo "1518"]
[BlackElo "1822"]
[PlyCount "54"]
[EventDate "2009.11.07"]

1. e4 c5 2. Nf3 Nc6 3. d4 cxd4 4. Nxd4 e5 5. Nb5 d6 6. N1c3 a6 7. Na3 b5 8. Nd5
Be7 9. c3 Nf6 10. Nxe7 Qxe7 11. Bg5 Qe6 12. Bxf6 Qxf6 13. Nc2 Bb7 14. Ne3 Ne7
15. a4 O-O 16. axb5 axb5 17. Bxb5 Bxe4 18. O-O Rxa1 19. Qxa1 Qg5 20. Qd1 h5 21.
Qxd6 Nd5 22. Bc6 Nxe3 23. Bxe4 Nxf1 24. Kxf1 Rd8 25. Qb6 Qc1+ 26. Ke2 Rd2+ 27.
Kf3 Qd1+ 0-1

[Event "II Weekend Basso Veronese B"]
[Site "Casaleone ITA"]
[Date "2009.11.07"]
[Round "1"]
[White "Pisani, Valerio"]
[Black "Curto, Carlo Alberto"]
[Result "0-1"]
[WhiteElo "1771"]
[BlackElo "1467"]
[PlyCount "104"]
[EventDate "2009.11.07"]

1. e4 e5 2. Nc3 Nc6 3. f4 d6 4. Nf3 Be7 5. Bc4 Bg4 6. O-O Nd4 7. Be2 Nxe2+ 8.
Qxe2 a6 9. h3 Bxf3 10. Qxf3 Nf6 11. d3 O-O 12. g4 c6 13. g5 Nd7 14. h4 f6 15.
Qg3 Qe8 16. Qg4 Qd8 17. f5 Kh8 18. Rf3 Rg8 19. g6 Nf8 20. Be3 Qe8 21. Rg3 b5
22. Kh1 Bd8 23. Rag1 Rb8 24. h5 Rb7 25. h6 Bb6 26. Bxb6 Rxb6 27. Qh4 Rb7 28.
hxg7+ Rgxg7 29. Qxf6 Qe7 30. Qxe7 Rgxe7 31. f6 Rec7 32. g7+ Kg8 33. gxf8=Q+
Kxf8 34. Rg7 a5 35. Nd1 d5 36. Rxc7 Rxc7 37. Rg7 Rxg7 38. fxg7+ Kxg7 39. Ne3
dxe4 40. dxe4 h5 41. Kh2 Kg6 42. Kh3 Kg5 43. b3 Kf4 44. Nd1 Kxe4 45. Kh4 Kf3
46. Kxh5 e4 47. Kg5 e3 48. Nc3 e2 49. Nxe2 Kxe2 50. Kf5 Kd2 51. c4 bxc4 52.
bxc4 Kd3 0-1

[Event "II Weekend Basso Veronese B"]
[Site "Casaleone ITA"]
[Date "2009.11.07"]
[Round "1"]
[White "Renzi, Fabrizio"]
[Black "Steccanella, Willi"]
[Result "0-1"]
[WhiteElo "1473"]
[BlackElo "1780"]
[PlyCount "58"]
[EventDate "2009.11.07"]

1. c4 f5 2. d4 Nf6 3. Nf3 g6 4. g3 Bg7 5. Bg2 O-O 6. O-O d6 7. Nc3 Nc6 8. Bf4
h6 9. h4 Ne4 10. Qc1 Kh7 11. Qe3 e5 12. Nxe4 exf4 13. Nfg5+ hxg5 14. gxf4 gxf4
15. Qxf4 Bh6 16. Ng5+ Bxg5 17. hxg5 Rh8 18. Bf3 Qe7 19. Kg2 Bd7 20. Rae1 Nd8
21. e4 Ne6 22. Qg3 f4 23. Qh2+ Kg7 24. Qh6+ Rxh6 25. gxh6+ Kh7 26. Rh1 Nxd4 27.
Bd1 Qg5+ 28. Kf1 f3 29. Rg1 Bh3+ 0-1

[Event "II Weekend Basso Veronese B"]
[Site "Casaleone ITA"]
[Date "2009.11.07"]
[Round "1"]
[White "Rondelli, Roberto"]
[Black "Bonini, Roberto"]
[Result "1-0"]
[WhiteElo "1533"]
[BlackElo "1845"]
[PlyCount "99"]
[EventDate "2009.11.07"]

1. Nf3 d5 2. c4 c6 3. d4 Nf6 4. Nc3 Bf5 5. Bg5 e6 6. cxd5 exd5 7. Qb3 Bc8 8. e3
Be7 9. Bd3 Nbd7 10. O-O O-O 11. Rac1 Ne4 12. Bxe7 Qxe7 13. Bxe4 dxe4 14. Nd2
Nf6 15. Qc2 Re8 16. Nc4 Nd5 17. Nxd5 cxd5 18. Nd2 Bd7 19. Qb3 Bc6 20. Rc5 f5
21. Nb1 Rad8 22. Nc3 Qf7 23. Rc1 f4 24. Nb5 fxe3 25. Qxe3 Bxb5 26. Rxb5 b6 27.
Rb3 Rc8 28. Rbc3 Qd7 29. Rxc8 Rxc8 30. Rxc8+ Qxc8 31. Qg5 Qc6 32. h4 h6 33. Qe5
Kf7 34. g4 Qe6 35. Qf4+ Qf6 36. Qc7+ Kg8 37. Qxa7 Qxd4 38. Qd7 Qc5 39. Kg2 Kh7
40. Qf5+ Kh8 41. g5 hxg5 42. hxg5 Qd6 43. g6 Qd8 44. a4 d4 45. Qh3+ Kg8 46.
Qh7+ Kf8 47. Qh8+ Ke7 48. Qxg7+ Ke6 49. Qf7+ Ke5 50. Qg7+ 1-0